000 00843nam a2200277Ia 4500
005 20210727153142.0
008 141031s9999 xx 000 0 und d
020 _a9788489163669
100 1 0 _aEsopo, 620 a.C.-560 a.C.
245 1 0 _aFábulas esópicas
_c Esopo ; traducción A. Martínez Aguilar
250 _a5a ed.
300 _a156 páginas
500 _aEdición íntegra
650 1 4 _a Animales
_2LEMB
_x Colecciones
650 1 4 _a Fabulas griegas
_2LEMB
650 1 4 _a Literatura griega
_2LEMB
650 1 4 _aAutores griegos
_2LEMB
700 1 0 _aMartínez Aguilar, A.
942 _2loc
_cBK
264 _aMadrid
_bJorge A. Mestas
_c2010
336 _atexto
_btxt
_2rdacontent
337 _asin mediación
_bn
_2rdamedia
338 _avolumen
_bnc
_2rdacarrier
040 _aCO-BoRNBP
_bspa
_erda
_cCO-BoRNBP
084 _aP ESO1
999 _c3250
_d3250